00358pab a2200145 454500008004000000100002300040245004100063260000900104300001300113362001200126650001800138650001900156650001100175773002600186180718b1998 xxu||||| |||| 00| 0 eng d aRoy, Bijon Krishna aPolicing the Indian society by women c1998 ap.98-104 aJan-Jun aWomen - India aPolice - India aPolice aIndian Police Journal